000 01445cam a2200397 i 4500
999 _c1707
_d1707
001 (Sirsi) a1023114
003 OSt
005 20230120134023.0
008 170522t20172017nyua b 000 1 eng d
020 _a9780062404282
_q(paperback)
040 _aBTCTA
_beng
_cBTCTA
_dYDXCP
_dBDX
_dJAO
_dGKX
_dVTL
_dLE@
_dJAO
_dTAE
_dKH8
_erda
042 _anbic
082 0 _a813.6 DEA
100 1 _aDean, James,
_d1957-
_eauthor,
_eillustrator.
245 1 0 _aPete the cat and the surprise teacher /
_cby James Dean.
250 _aFirst edition.
264 1 _aNew York, NY :
_bHarper, an imprint of HarperCollinsPublishers,
_c[2017]
264 4 _c©2017.
300 _a32 pages :
_bcolor illustrations ;
_c24 cm.
336 _atext
_btxt
_2rdacontent.
336 _astill image
_bsti
_2rdacontent.
337 _aunmediated
_bn
_2rdamedia.
338 _avolume
_bnc
_2rdacarrier.
490 1 _aPete the cat.
490 1 _aI can read! My first shared reading.
520 _aWhen Pete discovers that his teacher is sick and his mom is the substitute, he must teach her the ins and outs of his school.
521 1 _aAges 4-8.
600 0 0 _aPete,
_cthe Cat (Fictitious character)
_vJuvenile fiction.
650 0 _aCats
_vJuvenile fiction.
650 0 _aSchools
_vJuvenile fiction.
650 0 _aTeachers
_vJuvenile fiction.
650 0 _aMothers and sons
_vJuvenile fiction.
830 0 _aPete the cat.
830 0 _aI can read book.
942 _2ddc
_cNFIC